00911 2200205 4500001002100000005001500021035002000036245006700056100001700123250001700140300002800157700001600185260003100201082001200232084001800244020002200262600001700284520037700301500002700678INLIS00000000000006220240423123737 a0010-04240000061 aAli Si Pemanggul Gandum Misterius /cFadila Hanum, A.W. Wibowo0 aFadila Hanum acetakan ke-1 a36 hlm :bilus ;c19 cm0 aA.W. Wibowo aSolo :bTiga Ananda,c2018 a297.092 a297.092 FAD a a978-602-366-433-7 4aReligi Islam aAli bin Husein adalah cucu Rasulullah saw. Orang-orang mengira Ali bin Husein adalah orang yang pelit karena tidak pernah terlihat memberi sedekah kepada orang lain. Orang-orang ternyata telah salah menilai. Ali merupakan sosok yang sangat dermawan. Sedekahnya bahkan melebihi sedekah orang lain. Memangnya apa yang telah dilakukan Ali? Ikuti kisah lengkapnya, yuk! “ aSeri Selebritas Langit